000 00550nam a2200193 i 4500
001 74852
003 ES-MaACL
005 20250710064918.0
007 t|
008 040921s1905 fr ||||1| fre d
100 1 _aGourmont, Rémy de (
_d1858-1916)
_959362
245 1 0 _aPromenades litteraires /
_cRemy de Gourmont.
250 _a2eme ed.
260 _aParís :
_bMercure de France,
_c1905.
300 _a344 p. ;
_c18 cm.
650 4 _aLiteratura francesa-
_xHistoria y crítica
_914586
852 _aES-MaACL
_jD-3771
999 _c74852
_d74852